书目信息 |
| 题名: |
心血管生活宜忌与调治
|
|
| 作者: | 袁超 主编 | |
| 分册: | ||
| 出版信息: | 北京 经济管理出版社 2010 |
|
| 页数: | 252页 | |
| 开本: | 24cm | |
| 丛书名: | ||
| 单 册: | ||
| 中图分类: | R54 | |
| 科图分类: | ||
| 主题词: | 心脏血管疾病--防治 , 心脏血管疾病 | |
| 电子资源: | ||
| ISBN: | 978-7-5096-0872-2 | |
| 000 | 00897nam0 2200241 45 | |
| 001 | 1129223624 | |
| 005 | 20110420091152.28 | |
| 010 | @a978-7-5096-0872-2@dCNY33.00 | |
| 100 | @a20110414d2010 em y0chiy0110 ea | |
| 101 | 0 | @achi |
| 102 | @aCN@b110000 | |
| 105 | @ay z 000yy | |
| 106 | @ar | |
| 200 | 1 | @a心血管生活宜忌与调治@AXin Xue Guan Sheng Huo Yi Ji Yu Diao Zhi@f袁超主编@FYuan Chao Zhu Bian |
| 210 | @a北京@c经济管理出版社@d2010 | |
| 215 | @a252页@d24cm | |
| 330 | @a本书以自我调理为目的,分为生活宜忌篇和调治篇。其中,生活宜忌篇包括思想认识、运动锻炼、生活习惯、用药以及诊疗宜忌;调治篇从高血压、高血脂、冠心病等常见心血管疾病入手,具体介绍了疾病的症状成因、饮食调养和生活保养治疗等方面内容。 | |
| 606 | 0 | @a心脏血管疾病@x防治 |
| 606 | 0 | @a心脏血管疾病 |
| 690 | @aR54@v4 | |
| 701 | 0 | @a袁超@AYuan Chao@4主编 |
| 801 | 0 | @aCN@bTANGWEI@c20110420 |
| 905 | @b0537346-50@dR54@e124@f5 | |
| 心血管生活宜忌与调治/袁超主编.-北京:经济管理出版社,2010 |
| 252页;24cm |
| ISBN 978-7-5096-0872-2:CNY33.00 |
| 本书以自我调理为目的,分为生活宜忌篇和调治篇。其中,生活宜忌篇包括思想认识、运动锻炼、生活习惯、用药以及诊疗宜忌;调治篇从高血压、高血脂、冠心病等常见心血管疾病入手,具体介绍了疾病的症状成因、饮食调养和生活保养治疗等方面内容。 |
| ● |
| 相关链接 |
|
|
|
|
正题名:心血管生活宜忌与调治
索取号:R54/124
 
预约/预借
| 序号 | 登录号 | 条形码 | 馆藏地/架位号 | 状态 | 备注 |
| 1 | 0537346 | 205373460 | 第二样本阅览室/ [索取号:R54/124] | 在馆 | |
| 2 | 0537347 | 205373479 | 第三借阅区/ [索取号:R54/124] | 在馆 | |
| 3 | 0537348 | 205373488 | 第三借阅区/ [索取号:R54/124] | 在馆 | |
| 4 | 0537349 | 205373497 | 第三借阅区/ [索取号:R54/124] | 在馆 | |
| 5 | 0537350 | 205373503 | 第三借阅区/ [索取号:R54/124] | 在馆 |